| 000 | 00428pab a2200157 454500 | ||
|---|---|---|---|
| 008 | 180718b2014 xxu||||| |||| 00| 0 eng d | ||
| 100 | _aAgasty, Mahendra P. | ||
| 245 | _aThe economics of migrant remittances: Insights from a primary survey in Odisha, India | ||
| 260 | _c2014 | ||
| 300 | _ap.37-64. | ||
| 362 | _aSep | ||
| 650 | _aMigrants | ||
| 700 | _aPatra, Rabi N. | ||
| 773 | _aMan and Development | ||
| 909 | _a107659 | ||
| 999 |
_c107654 _d107654 |
||